| Поле | Название | Значение |
| |
Тип записи |
a |
| |
Библиографический уровень |
a |
| 001 |
Контрольный номер |
RU/CBS_UL/BASE/0073476429844f899305f87a069418f3 |
| 005 |
Дата корректировки |
20250331135342.8 |
| 100 |
Данные общей обработки |
__ |
| a |
Данные общей обработки |
20250331 ||| 0rusy0189 ca |
| 101 |
Язык документа |
0_ |
| a |
Язык текста |
rus |
| 102 |
Страна публикации |
__ |
| a |
Страна публикации |
RU |
| 200 |
Заглавие и сведения об ответственности |
1_ |
| a |
Заглавие |
Зимой и летом одним цветом |
| e |
Сведения, относящиеся к заглавию |
[о растениях, сохраняющих зимой листья и зелёный цвет] |
| f |
Первые сведения об ответственности |
Д. Донсков |
| 300 |
Общие примечания |
__ |
| a |
Общие примечания |
12+ |
| 461 |
Уровень набора |
_0 |
| 1 |
|
2000 |
| a |
|
Наука и жизнь |
| 463 |
Уровень физической единицы |
_0 |
| 1 |
|
2000 |
| a |
|
№ 3 |
| v |
|
С. 2-9 : фот. |
| 1 |
|
2101 |
| d |
|
2025 |
| 1 |
|
001RU/CBS_UL/BASE/7463f2e0e9b24c46b64a7959dbbfee75 |
| 606 |
Тематические рубрики |
0_ |
| a |
Основная рубрика |
Растения - Зима |
| 610 |
Ключевые слова |
0_ |
| a |
Ключевые слова |
растения |
| 610 |
Ключевые слова |
0_ |
| a |
Ключевые слова |
растения зимой |
| 610 |
Ключевые слова |
0_ |
| a |
Ключевые слова |
зелёные листья растений |
| 610 |
Ключевые слова |
0_ |
| a |
Ключевые слова |
листья брусники |
| 610 |
Ключевые слова |
0_ |
| a |
Ключевые слова |
бурда плющевидная |
| 610 |
Ключевые слова |
0_ |
| a |
Ключевые слова |
барвинок малый |
| 610 |
Ключевые слова |
0_ |
| a |
Ключевые слова |
копытень европейский |
| 610 |
Ключевые слова |
0_ |
| a |
Ключевые слова |
кошачья лапка двудомная |
| 610 |
Ключевые слова |
0_ |
| a |
Ключевые слова |
грушанка круглолистная |
| 610 |
Ключевые слова |
0_ |
| a |
Ключевые слова |
очиток едкий |
| 610 |
Ключевые слова |
0_ |
| a |
Ключевые слова |
плаун булавовидный |
| 610 |
Ключевые слова |
0_ |
| a |
Ключевые слова |
ортотрихум прекрасный |
| 686 |
Индексы других классификаций |
__ |
| 2 |
Код системы |
rubbk |
| a |
Классификационный индекс |
28.5 |
| 700 |
Автор |
_1 |
| a |
Фамилия |
Донсков |
| b |
Имя (инициалы) |
Д. |
| 801 |
Источник записи |
_0 |
| a |
Страна |
RU |
| b |
Организация |
МБУК ЦБС г. Ульяновска |
| c |
Дата составления |
20250331 |
| g |
Правила каталогизации |
RCR |
| 801 |
Источник записи |
_1 |
| a |
Страна |
RU |
| b |
Организация |
МБУК ЦБС г. Ульяновска |
| c |
Дата составления |
20250331 |
| g |
Правила каталогизации |
RCR |
| 901 |
Тип документа |
__ |
| t |
Тип документа |
b |
| w |
Контрольный № источника |
RU/CBS_UL/BASE/7463f2e0e9b24c46b64a7959dbbfee75 |
| 909 |
Создатель записи |
__ |
| a |
Создатель записи |
lib1 |